000 01349nam2a22002291 4500
001 rc\3238622
005 20250609194521.0
035 _a(NLR Aleph) 007474829
090 _a7454174
_c7454174
100 _a20130115d1987 |||y0rusy50 ca
101 0 _arus
102 _aRU
105 _aa z |||||
200 1 _aИзготовление металлоконструкций покрытия из круглых труб
_eВып. 8
_fМ-во монтаж. и спец. строит. работ СССР. Упр. труда и заработ. платы
210 _cЦНИБ
_d1987
_aБ. м.
215 _a97 с.
_cил.
461 0 _1001rc\3172610
_12001#$aУкрупненные нормативы времени для промышленных предприятий$eСб. 4$fМ-во монтажных и специал. строит. работ СССР. Упр. труда и заработной платы$vСб. 4
_95790391
_cМосква
_d1976
_fМ-во монтажных и специал. строит. работ СССР. Упр. труда и заработной платы
_nЦНИБ
_oСб. 4
_tУкрупненные нормативы времени для промышленных предприятий
_vСб. 4
801 0 _aRU
_bNLR
_gpsbo
801 1 _aRU
_bELAR
_2rusmarc
852 _aNLR
_jПт 80.1/1084
942 _cBOOK
980 _aNB